Normal view MARC view

Entry Genre/Form Term

Number of records used in: 1

001 - CONTROL NUMBER

  • control field: 91236

003 - CONTROL NUMBER IDENTIFIER

  • control field: BDCtgAUW

005 - DATE AND TIME OF LATEST TRANSACTION

  • control field: 20260303171733.0

008 - FIXED-LENGTH DATA ELEMENTS

  • fixed length control field: 260303|| aca||aabn | a|a d

040 ## - CATALOGING SOURCE

  • Original cataloging agency: BDCtgAUW
  • Transcribing agency: BDCtgAUW

155 ## - HEADING--GENRE/FORM TERM

  • Genre/form term: Personal correspondence

670 ## - SOURCE DATA FOUND

  • Source citation: Work cat.: (BDCtgAUW)16333: Siṃha, Rāma Nareśa Prasāda, author 91232, Nehru :